000 02021nam a2200409 c 4500
003 BLK
005 20221003114138.0
008 180408b bul|||||r ||||||| ||bul||
010 _aKNG00075678000
020 _a978-954-28-0081-1
_bиздат.: Сиела Софт енд Паблишинг
040 _aBLK
041 _aBUL
_cBUL
080 _aИкономическа психология. Икономическо поведение. Физиологични и психологични елементи. Интереси. Икономически дух
_b330.16
_x(035)
_z330.16(035)
080 _aЕтика на бизнеса. Успех
_b174.4
_x(035)
_z174.4(035)
080 _aРазвитие на психиката и способностите. Сравнителна психология
_b159.92
_x(035)
_z159.92(035)
100 1 _aРайзнър, Найджъл
_eпърви автор
_9114540
700 1 _aХалачева, Антония Господинова
_eпрев. от англ.
_9291434
139 _aРайзнър, Найджъл
_bР 27
245 1 0 _aШифърът на промяната
_bНаръчник за създаване на бизнесконтакти 2
_cНайджъл Райзнър; прев. от англ. Антония Господинова Халачева.
257 _aGBR
260 София
_bСиела Софт енд Паблишинг
_c2007
300 _a220 с.
_bс ил.
_c20 см
380 _a3
500 _aБез сведение за ориг. загл.
650 4 _aИкономическо поведение
_9245306
650 4 _aСтопанска етика
_9261791
650 4 _aЛичност - психология
_9243160
653 _aикономическо поведение
653 _aстопанска етика
653 _aличност
653 _aповедение
852 _aЦб 234344
856 4 _qpdf
_u
856 4 _qpdf
_u
942 _cKNG
_n0
_04
944 _aCR
_c13.06.2007
_kГеновева_Генчева
944 _aED
_c16.03.2009
_k
999 _c71310
_d71310